[Event "6th Amplico AIG Life"]
[Site "Warsaw POL"]
[Date "2006.12.17"]
[Round "9"]
[White "Gyimesi, Z."]
[Black "Malaniuk, V."]
[Result "1-0"]
[WhiteElo "2616"]
[BlackElo "2534"]
[PlyCount "89"]
[EventDate "2006.12.16"]
[SourceDate "1999.07.01"]

1. d4 f5 2. g3 Nf6 3. Bg2 g6 4. c4 Bg7 5. Nc3 O-O 6. Nf3 d6 7. O-O c6 8. d5 e5
9. dxe6 Bxe6 10. b3 Na6 11. Ng5 Qe7 12. Ba3 Nc5 13. Nxe6 Qxe6 14. Rc1 Rfe8 15.
e3 Rad8 16. Qc2 Nce4 17. Ne2 d5 18. Nf4 Qf7 19. Rcd1 g5 20. Nd3 dxc4 21. bxc4
Nd7 22. Bb4 b6 23. f3 Nef6 24. Rfe1 c5 25. Ba3 Kh8 26. Bb2 Re7 27. Ne5 Qe6 28.
f4 Ree8 29. Rd6 Qe7 30. Qxf5 Nxe5 31. Rxd8 Qxd8 32. Bxe5 Rf8 33. Qxg5 Qd2 34.
Rf1 Qxe3+ 35. Kh1 Qd3 36. Bxf6 Bxf6 37. Qd5 Rd8 38. Qf7 Bg7 39. Qxa7 Qxc4 40.
Qxb6 Rd2 41. Re1 Bf8 42. Qf6+ Kg8 43. Qg5+ Kh8 44. Qe5+ Kg8 45. Bh3 1-0

[Event "1st WMSG Blitz Ind"]
[Site "Beijing CHN"]
[Date "2008.10.04"]
[Round "9"]
[White "Bartel, Mat"]
[Black "Zhang Zhong"]
[Result "1-0"]
[WhiteElo "2602"]
[BlackElo "2649"]
[PlyCount "99"]
[EventDate "2008.10.04"]
[SourceDate "1999.07.01"]

1. g3 f5 2. Bg2 Nf6 3. d4 g6 4. Nh3 Bg7 5. O-O d6 6. c4 O-O 7. Nc3 c6 8. f3 e5
9. e3 Na6 10. Nf2 Be6 11. b3 Qc7 12. Ba3 Qa5 13. Bb2 Rfe8 14. a3 Qc7 15. d5
cxd5 16. cxd5 Bd7 17. e4 Qb6 18. b4 Nc7 19. Qd2 Nb5 20. Nxb5 Bxb5 21. Rfc1 fxe4
22. Re1 exf3 23. Bxf3 Rf8 24. a4 Bd7 25. a5 Qd8 26. Bg2 Rc8 27. Rac1 Qe7 28.
Qe3 a6 29. Qb6 Bf5 30. h3 h5 31. b5 axb5 32. Qxb5 Bh6 33. Rxc8 Rxc8 34. Ba3 Rc2
35. Qb6 Bf8 36. Qb3 Rc7 37. Qb4 Qd7 38. Rxe5 Qf7 39. Re1 Nxd5 40. Qb5 Nc3 41.
Qb6 Rd7 42. Qe3 Nb5 43. Bb2 Bg7 44. Bxg7 Qxg7 45. g4 hxg4 46. hxg4 Bc2 47. Bd5+
Kh8 48. Kg2 Qe5 49. Qh6+ Rh7 50. Qf8# 1-0

[Event "1st WMSG Rapid Pair"]
[Site "Beijing CHN"]
[Date "2008.10.10"]
[Round "4"]
[White "Gyimesi, Z."]
[Black "Reinderman, D."]
[Result "1/2-1/2"]
[WhiteElo "2592"]
[BlackElo "2543"]
[PlyCount "86"]
[EventDate "2008.10.09"]
[SourceDate "1999.07.01"]

1. d4 f5 2. g3 Nf6 3. Bg2 g6 4. Nf3 Bg7 5. O-O O-O 6. c4 d6 7. Nc3 c6 8. d5 e5
9. dxe6 Bxe6 10. b3 Re8 11. Ba3 Ne4 12. Nxe4 fxe4 13. Nd4 Bf7 14. Rc1 Qf6 15.
e3 Nd7 16. Ne2 d5 17. cxd5 cxd5 18. Nc3 Qa6 19. Bb4 Ne5 20. Nxd5 Rad8 21. Bxe4
Nc6 22. Rxc6 bxc6 23. Ne7+ Kh8 24. Qf3 Bd5 25. Nxd5 cxd5 26. Bb1 d4 27. exd4
Bxd4 28. Kg2 Qe2 29. Qc6 Rc8 30. Qd5 Rcd8 31. Qc6 Rc8 32. Qd5 Rcd8 33. Qf7 a5
34. Re1 axb4 35. Rxe2 Rxe2 36. Kh3 Rxf2 37. Qe7 Bf6 38. Qxb4 Kg7 39. Qb7+ Kh6
40. Qf7 Rdd2 41. Kg4 Rd4+ 42. Kh3 Rdd2 43. Kg4 Rd4+ 1/2-1/2

[Event "1st WMSG Rapid Pair"]
[Site "Beijing CHN"]
[Date "2008.10.10"]
[Round "7"]
[White "Markos, J."]
[Black "Zhang Zhong"]
[Result "1/2-1/2"]
[WhiteElo "2557"]
[BlackElo "2649"]
[PlyCount "94"]
[EventDate "2008.10.09"]
[SourceDate "1999.07.01"]

1. d4 f5 2. g3 Nf6 3. Bg2 g6 4. Nd2 Bg7 5. e4 fxe4 6. Nxe4 Nc6 7. Nxf6+ Bxf6 8.
Ne2 d5 9. c3 e5 10. O-O exd4 11. Nf4 Ne7 12. Re1 c6 13. cxd4 O-O 14. g4 Qb6 15.
Rb1 Bd7 16. Be3 Rae8 17. b4 a6 18. a4 Qc7 19. b5 axb5 20. axb5 Bg7 21. bxc6
bxc6 22. Nd3 Nc8 23. Qc1 Qd8 24. h3 Nd6 25. Ne5 Bxe5 26. dxe5 Rxe5 27. Bd4
Rxe1+ 28. Qxe1 Re8 29. Qd2 Qe7 30. Ba1 Nc4 31. Qd4 Qe5 32. Qa7 Qd6 33. Qd4 Qe5
34. Qa7 Qd6 35. Bc3 c5 36. Rb7 Rd8 37. Bf6 Qxf6 38. Bxd5+ Be6 39. Bxe6+ Qxe6
40. Rg7+ Kf8 41. Rxh7 Rd1+ 42. Kg2 Qe4+ 43. Kg3 Qd3+ 44. Kh4 Qd8+ 45. Kg3 Qd3+
46. Kh4 Qd8+ 47. Kg3 Qd3+ 1/2-1/2

[Event "4th Pichay Cup"]
[Site "Manila PHI"]
[Date "2008.09.18"]
[Round "7"]
[White "Li Shilong"]
[Black "Dzhumaev, M."]
[Result "1-0"]
[WhiteElo "2511"]
[BlackElo "2549"]
[PlyCount "117"]
[EventDate "2008.09.14"]
[SourceDate "1999.07.01"]

1. d4 f5 2. g3 Nf6 3. Bg2 g6 4. Bg5 Bg7 5. Nc3 O-O 6. Qd3 Nc6 7. O-O-O b5 8.
Qxb5 Rb8 9. Qc4+ Kh8 10. Bxc6 dxc6 11. Nf3 Nd5 12. Nxd5 cxd5 13. Qc5 Qe8 14.
Rd3 Ba6 15. Re3 e6 16. Bf4 Kg8 17. Ng5 Rb6 18. Be5 Bxe5 19. Rxe5 h6 20. Nf3 Qa4
21. Qa3 Qxa3 22. bxa3 Rfb8 23. Kd2 Rc6 24. Re3 Rb2 25. Rc1 Rc4 26. Rxe6 Rb6 27.
Re7 Kf8 28. Rd7 Bb7 29. e3 Ra4 30. Rxc7 Rxa3 31. Ra1 Ke8 32. Ne5 g5 33. Rc3 Ra4
34. Rb3 g4 35. Rxb6 axb6 36. Rb1 Ra6 37. a4 Bc8 38. Kc3 Ke7 39. Rb5 Kd6 40. Kb4
Be6 41. Kb3 Kc7 42. Ka3 Ra8 43. Rb3 h5 44. Kb4 Kb7 45. Rc3 Bc8 46. Nf7 Bd7 47.
Nd6+ Kb8 48. Ra3 Kc7 49. Nf7 Kb7 50. Ne5 Be6 51. Rc3 Bc8 52. Rc6 Bd7 53. Rf6
Rxa4+ 54. Kb3 Bb5 55. Rxf5 Ka6 56. Rxh5 Ka5 57. Rh8 Ra1 58. Ra8+ Ba6 59. Nxg4
1-0

[Event "III President's Cup"]
[Site "Baku AZE"]
[Date "2008.05.20"]
[Round "9"]
[White "Van Wely, L."]
[Black "Dzhumaev, M."]
[Result "1/2-1/2"]
[WhiteElo "2677"]
[BlackElo "2557"]
[PlyCount "132"]
[EventDate "2008.05.12"]
[SourceDate "1999.07.01"]

1. d4 f5 2. g3 Nf6 3. Bg2 g6 4. Nf3 Bg7 5. b4 c6 6. c4 Na6 7. Qb3 d6 8. Bb2 Nc7
9. a4 O-O 10. b5 Kh8 11. O-O Be6 12. Nbd2 Bg8 13. Qd3 Ne6 14. Rab1 cxb5 15.
axb5 a6 16. b6 a5 17. Bc3 a4 18. Rb5 Qd7 19. Ra1 Rfe8 20. Rb4 Bf7 21. Ra3 Ra6
22. e4 fxe4 23. Nxe4 Nxe4 24. Qxe4 Nd8 25. Ng5 Bg8 26. Bh3 e6 27. Qe3 d5 28. c5
h6 29. Nf3 Nc6 30. Rbxa4 Rxa4 31. Rxa4 g5 32. Ra2 Rf8 33. Re2 Qf7 34. Ne1 Qh5
35. Bg2 e5 36. Nc2 Bh7 37. Qd2 Bxc2 38. Qxc2 exd4 39. Bb2 Qf7 40. Qb3 Rd8 41.
h3 Qf5 42. Rd2 Na5 43. Qd3 Qxd3 44. Rxd3 Nc6 45. Kf1 Kg8 46. Rf3 Nb4 47. Ke1
Bf8 48. Kd2 Bxc5 49. Rb3 Rf8 50. f3 Re8 51. Bxd4 Bxd4 52. Rxb4 Bf2 53. Rb5 Bxg3
54. Rxd5 Bf4+ 55. Kd1 Re6 56. Rd8+ Kf7 57. Rd7+ Re7 58. Rxe7+ Kxe7 59. h4 gxh4
60. Ke2 Kd6 61. Bh3 Kc5 62. Kf1 Kxb6 63. Kg2 Kc5 64. Bd7 b5 65. Bxb5 Kxb5 66.
Kh1 Kc4 1/2-1/2

[Event "Kaupthing Open"]
[Site "Differdange LUX"]
[Date "2008.05.14"]
[Round "6"]
[White "Drozdovskij, Y."]
[Black "Danielsen, Hen"]
[Result "1/2-1/2"]
[WhiteElo "2581"]
[BlackElo "2510"]
[PlyCount "25"]
[EventDate "2008.05.10"]
[SourceDate "1999.07.01"]

1. d4 f5 2. g3 Nf6 3. Bg2 g6 4. c4 Bg7 5. Nc3 O-O 6. Nh3 d6 7. d5 Nbd7 8. O-O
Ne5 9. b3 c5 10. dxc6 bxc6 11. Bb2 Rb8 12. Qc2 Qc7 13. Rad1 1/2-1/2

[Event "IX EICC"]
[Site "Plovdiv BUL"]
[Date "2008.05.02"]
[Round "11"]
[White "Gustafsson, J."]
[Black "Vallejo Pons, F."]
[Result "1-0"]
[WhiteElo "2603"]
[BlackElo "2684"]
[PlyCount "121"]
[EventDate "2008.04.21"]
[SourceDate "1999.07.01"]

1. d4 f5 2. g3 Nf6 3. Bg2 g6 4. Nf3 Bg7 5. O-O O-O 6. c4 d6 7. Nc3 c6 8. d5 Bd7
9. Rb1 a5 10. Nd4 Ng4 11. h3 Ne5 12. b3 Na6 13. Kh2 Nc7 14. f4 c5 15. Ndb5 Bxb5
16. cxb5 Nd7 17. Qd3 Bxc3 18. Qxc3 Nxb5 19. Qd3 Qb6 20. g4 Qa6 21. gxf5 Rxf5
22. Bb2 Nd4 23. Qxa6 Rxa6 24. e3 Nc2 25. Be4 Nxe3 26. Rfe1 Nxd5 27. Bxd5+ Rxd5
28. Rxe7 Rd2+ 29. Kg3 Nf8 30. Rg7+ Kh8 31. Rxb7+ Kg8 32. Rg7+ Kh8 33. Bf6 Rd3+
34. Kh4 d5 35. Rxg6+ Rxf6 36. Rxf6 Kg7 37. Ra6 Ng6+ 38. Kg4 Rd2 39. Rg1 Rf2 40.
Rxa5 Rxf4+ 41. Kg3 Rd4 42. Rxc5 Rd3+ 43. Kf2 Rxh3 44. Rg3 Rh1 45. a4 Rd1 46.
Ke2 Rd4 47. a5 Kf6 48. a6 Nf4+ 49. Ke3 Re4+ 50. Kf3 Ne2 51. Rg2 Nd4+ 52. Kf2
Nxb3 53. a7 Rf4+ 54. Kg1 Ra4 55. Rc7 Ra1+ 56. Kh2 Nd4 57. Rb2 Ke5 58. Rb8 Ra2+
59. Kh3 Ra3+ 60. Kg4 Nf5 61. Re8+ 1-0

[Event "6th Festival Gp A"]
[Site "Nancy FRA"]
[Date "2008.02.20"]
[Round "4"]
[White "Gozzoli, Y."]
[Black "Bauer, Ch"]
[Result "1/2-1/2"]
[WhiteElo "2510"]
[BlackElo "2614"]
[PlyCount "96"]
[EventDate "2008.02.18"]
[SourceDate "1999.07.01"]

1. d4 f5 2. g3 Nf6 3. Bg2 g6 4. Nf3 Bg7 5. O-O O-O 6. c4 c6 7. Nc3 d6 8. Qb3
Kh8 9. Rd1 Na6 10. Qa3 h6 11. b4 Nc7 12. Bb2 Qe8 13. d5 Bd7 14. Nd4 Ng4 15.
dxc6 bxc6 16. b5 c5 17. Bxa8 cxd4 18. Nd5 Nxa8 19. Bxd4 g5 20. f3 Ne5 21. Qxa7
f4 22. g4 Kh7 23. Bxe5 Bxe5 24. b6 Nxb6 25. Nxb6 Bc6 26. Rab1 Rf7 27. Qa3 Kg7
28. c5 h5 29. gxh5 g4 30. Nc4 gxf3 31. exf3 Rf5 32. Na5 Ba8 33. c6 Bxc6 34.
Nxc6 Qxc6 35. Kh1 Rxh5 36. Rg1+ Kf7 37. Qd3 d5 38. Rbe1 Bb8 39. Rg2 Ba7 40. Qb1
Be3 41. Qb8 Qh6 42. a4 Rg5 43. Rxg5 Qxg5 44. Qh8 Qf5 45. a5 d4 46. a6 d3 47.
Rd1 d2 48. Qc3 Qb5 1/2-1/2

[Event "8th Amplico AIG Life Rapid"]
[Site "Warsaw POL"]
[Date "2008.12.20"]
[Round "7"]
[White "Jakubowski, K."]
[Black "Bartel, Mat"]
[Result "1/2-1/2"]
[WhiteElo "2507"]
[BlackElo "2602"]
[PlyCount "76"]
[EventDate "2008.12.20"]
[SourceDate "1999.07.01"]

1. d4 f5 2. g3 Nf6 3. Bg2 g6 4. Nf3 Bg7 5. O-O O-O 6. c4 c6 7. Nc3 Na6 8. b3
Ne4 9. Bb2 d5 10. cxd5 cxd5 11. e3 Be6 12. Qe2 Rc8 13. Rfc1 Nb8 14. Qb5 Qd7 15.
Bf1 Nc6 16. Qe2 h6 17. Na4 Bf7 18. Nc5 Nxc5 19. Rxc5 g5 20. Rac1 Bh5 21. Bg2 e6
22. Qd2 Ne7 23. Ne5 Bxe5 24. dxe5 b6 25. Rxc8 Rxc8 26. Rxc8+ Qxc8 27. Qb4 Kf7
28. Ba3 Qc7 29. f4 a5 30. Qd2 gxf4 31. gxf4 Ng6 32. Qc1 Qxc1+ 33. Bxc1 Be2 34.
Kf2 Bd3 35. Bf3 Ne7 36. Bh5+ Kf8 37. Ke1 Bb1 38. Kd2 b5 1/2-1/2

[Event "XX Open"]
[Site "Roquetas de Mar ESP"]
[Date "2009.01.05"]
[Round "7"]
[White "Peralta, Fe"]
[Black "Herraiz Hidalgo, H."]
[Result "1/2-1/2"]
[WhiteElo "2545"]
[BlackElo "2510"]
[PlyCount "155"]
[EventDate "2009.01.03"]
[SourceDate "1999.07.01"]

1. d4 f5 2. g3 Nf6 3. Bg2 g6 4. c4 Bg7 5. Nf3 O-O 6. O-O d6 7. Nc3 Qe8 8. d5
Na6 9. Rb1 Nc5 10. Nd4 a5 11. b3 Bd7 12. a3 c6 13. Bb2 Rc8 14. Ba1 Qf7 15. Qd2
Nce4 16. Nxe4 fxe4 17. dxc6 bxc6 18. Nc2 a4 19. Ne3 axb3 20. Rxb3 Rb8 21. Rb4
Ra8 22. Rb7 Bc8 23. Rb3 Bd7 24. Bxf6 Qxf6 25. Bxe4 Qe5 26. Bf3 Qc5 27. Qd3 Ra7
28. Rfb1 Bd4 29. Kg2 Bf6 30. h4 Rfa8 31. Ng4 Bxg4 32. Bxg4 Kg7 33. Qe4 d5 34.
cxd5 Qxd5 35. Bf3 Qxe4 36. Bxe4 Rxa3 37. Bxc6 Rxb3 38. Rxb3 Rc8 39. Be4 Rc4 40.
Bd3 Rc7 41. Rb6 Bd4 42. Ra6 Bc5 43. Ra5 Bd6 44. f4 Rc1 45. Kf3 Rf1+ 46. Kg4 Rc1
47. Ra6 Rd1 48. Ra7 Kf6 49. Ra8 Rc1 50. Kf3 Rf1+ 51. Kg2 Rc1 52. Be4 e5 53. Ra6
Ke7 54. f5 gxf5 55. Bxf5 h6 56. Kh3 Rh1+ 57. Kg4 e4 58. Ra4 h5+ 59. Kg5 Bxg3
60. Rxe4+ Kd6 61. Kxh5 Be5 62. Kg5 Rg1+ 63. Bg4 Rd1 64. Ra4 Ra1 65. Rb4 Bc3 66.
Rb6+ Kd5 67. h5 Bd2+ 68. Kf5 Ra5 69. Bf3+ Kd4+ 70. Kf6 Be3 71. Re6 Bc1 72. Kf7
Rf5+ 73. Rf6 Ke5 74. Rxf5+ Kxf5 75. e4+ Kg5 76. Kg7 Bb2+ 77. Kf7 Be5 78. h6
1/2-1/2

[Event "25th Open"]
[Site "Cappelle la Grande FRA"]
[Date "2009.03.05"]
[Round "7"]
[White "Danielian, O."]
[Black "Dzhumaev, M."]
[Result "0-1"]
[WhiteElo "2519"]
[BlackElo "2529"]
[PlyCount "95"]
[EventDate "2009.02.28"]
[SourceDate "1999.07.01"]

1. d4 f5 2. g3 Nf6 3. Bg2 g6 4. c4 Bg7 5. Nc3 O-O 6. Nh3 Nc6 7. O-O Nh5 8. Be3
d6 9. f4 a6 10. Qd2 Nf6 11. Kh1 Bd7 12. Rac1 b5 13. Nf2 bxc4 14. Nd5 Nxd5 15.
Bxd5+ e6 16. Bxc4 Ne7 17. d5 exd5 18. Bxd5+ Nxd5 19. Qxd5+ Rf7 20. Bd4 Bf8 21.
Kg1 c5 22. Bc3 Qe8 23. Rfe1 Bc6 24. Qd2 a5 25. Qd3 Bb7 26. e4 Qc6 27. Qf1 fxe4
28. Rxe4 Qd7 29. Re3 d5 30. Be5 d4 31. Ree1 Re8 32. b3 a4 33. Qd3 axb3 34. axb3
g5 35. Ne4 Qf5 36. Rc2 gxf4 37. gxf4 Rg7+ 38. Rg2 Rxg2+ 39. Kxg2 Bg7 40. Kg1
Bxe5 41. Qg3+ Bg7 42. Nf6+ Qxf6 43. Rxe8+ Kf7 44. Re5 Qc6 45. Rf5+ Bf6 46. Qh3
h6 47. Qh5+ Ke7 48. Qe2+ 0-1

[Event "TCh-CAT"]
[Site "?"]
[Date "2012.??.??"]
[Round "11"]
[White "Gonzalez Garcia, J2."]
[Black "Narciso Dublan, M."]
[Result "1/2-1/2"]
[WhiteElo "2525"]
[BlackElo "2530"]
[PlyCount "40"]
[EventDate "2012.??.??"]
[SourceDate "1999.07.01"]

1. d4 f5 2. g3 Nf6 3. Bg2 g6 4. Nf3 Bg7 5. b3 O-O 6. O-O d6 7. Bb2 Qe8 8. Nbd2
Nc6 9. Re1 e5 10. dxe5 dxe5 11. e4 f4 12. Nc4 Bg4 13. h3 Rd8 14. Qe2 Bxf3 15.
Bxf3 fxg3 16. fxg3 Nd4 17. Bxd4 Rxd4 18. c3 Rd7 19. Rad1 Qe7 20. Kg2 Rfd8
1/2-1/2

[Event "World Cities Team GpB"]
[Site "Al-Ain UAE"]
[Date "2012.12.23"]
[Round "2.3"]
[White "Barsov, A."]
[Black "Borisek, J."]
[Result "1-0"]
[WhiteElo "2510"]
[BlackElo "2560"]
[PlyCount "72"]
[EventDate "2012.12.22"]
[SourceDate "1999.07.01"]
[WhiteTeam "Tashkent"]
[BlackTeam "Ptuj"]

1. d4 f5 2. g3 Nf6 3. Bg2 g6 4. Nh3 Bg7 5. Nf4 Nc6 6. d5 Ne5 7. Nc3 c6 8. e4 d6
9. O-O O-O 10. exf5 Bxf5 11. Nce2 Qb6 12. h3 cxd5 13. g4 Be4 14. g5 Bxg2 15.
Kxg2 Nfd7 16. Qxd5+ Rf7 17. Be3 Qc6 18. b3 Nf3 19. Qxf3 Qxf3+ 20. Kxf3 Bxa1 21.
Rxa1 e5 22. Rd1 exf4 23. Nxf4 Ne5+ 24. Kg3 Rf5 25. h4 Nf7 26. Nd5 Kf8 27. c4 a6
28. Bd4 Ne5 29. f4 Nc6 30. Bb6 Re8 31. Nf6 Re2 32. Rxd6 Rxa2 33. Rd7 Rb2 34.
Bc7 Rxb3+ 35. Kf2 Rb2+ 36. Ke3 Rb3+ 1-0

[Event "Amplico ch-EUR Blitz"]
[Site "Warsaw POL"]
[Date "2012.12.14"]
[Round "4.2"]
[White "Socko, B."]
[Black "Bartel, Mat"]
[Result "0-1"]
[WhiteElo "2631"]
[BlackElo "2629"]
[PlyCount "116"]
[EventDate "2012.12.14"]
[SourceDate "1999.07.01"]

1. d4 f5 2. g3 Nf6 3. Bg2 g6 4. Nh3 Bg7 5. Nf4 Nc6 6. d5 Ne5 7. Nc3 c6 8. O-O
cxd5 9. Nfxd5 Nxd5 10. Qxd5 e6 11. Qd6 Nf7 12. Qb4 d5 13. Rd1 Qe7 14. Qb5+ Bd7
15. Qxb7 O-O 16. Qa6 Rfc8 17. e3 Ne5 18. Qe2 Kh8 19. Nb5 Bxb5 20. Qxb5 Rxc2 21.
Bd2 Rxb2 22. Qf1 Nc4 23. Be1 Rab8 24. Rac1 Rxa2 25. Qd3 Qa3 26. Rc3 Qf8 27.
Rxc4 dxc4 28. Qxc4 Ra1 29. Rxa1 Bxa1 30. Bf1 Qe7 31. Bc3+ Bxc3 32. Qxc3+ Qg7
33. Qc6 e5 34. Bc4 e4 35. Kg2 Rf8 36. h4 Qf6 37. Qd7 Qg7 38. Qe6 h5 39. Qa6 Kh7
40. Kh2 Kh6 41. Kg2 Rf6 42. Qc8 Rb6 43. Qc5 Rb7 44. Bd5 Rc7 45. Qa5 Qe5 46. Qa2
Rd7 47. Bc4 Qc3 48. Qa6 Rc7 49. Bd5 Qe5 50. Bb3 Kg7 51. Ba2 Qf6 52. Qa5 Re7 53.
Qd5 Kh6 54. Qg8 Qg7 55. Qd5 Rd7 56. Qe6 Rd2 57. Bc4 Qb2 58. Kh3 Rxf2 0-1

[Event "Doroshkevicha Mem Open 2012"]
[Site "Sochi RUS"]
[Date "2012.11.29"]
[Round "4"]
[White "Tregubov, P."]
[Black "Malaniuk, V."]
[Result "1/2-1/2"]
[WhiteElo "2601"]
[BlackElo "2514"]
[PlyCount "40"]
[EventDate "2012.11.26"]
[SourceDate "1999.07.01"]

1. d4 f5 2. g3 Nf6 3. Bg2 g6 4. Nf3 Bg7 5. O-O O-O 6. c4 d6 7. Nc3 e6 8. b4 Nc6
9. b5 Na5 10. Qa4 b6 11. Nd2 Bb7 12. Bxb7 Nxb7 13. Ba3 e5 14. dxe5 Nd7 15. Nd5
Bxe5 16. Rad1 Nbc5 17. Qc2 a6 18. Nf3 Bg7 19. Bb2 Bxb2 20. Qxb2 Nf6 1/2-1/2

[Event "Remco Heite Inv"]
[Site "Wolvega NED"]
[Date "2012.11.17"]
[Round "3.2"]
[White "Van Wely, L."]
[Black "Sadler, M."]
[Result "1-0"]
[WhiteElo "2691"]
[BlackElo "2637"]
[PlyCount "73"]
[EventDate "2012.11.16"]
[SourceDate "1999.07.01"]

1. d4 f5 2. g3 Nf6 3. Bg2 g6 4. Nf3 Bg7 5. b4 d5 6. O-O O-O 7. a4 Ne4 8. Bf4
Be6 9. Qc1 Nd7 10. Bh6 a5 11. Bxg7 Kxg7 12. b5 c6 13. bxc6 bxc6 14. Nbd2 Bf7
15. Qa3 Nxd2 16. Nxd2 e5 17. dxe5 Nxe5 18. Rab1 Qc7 19. Qc5 Rfb8 20. e3 Kg8 21.
h3 Nd7 22. Qc3 Nb6 23. Qa3 Rb7 24. Rb2 Rab8 25. Rfb1 Be8 26. Qc5 Bf7 27. Qxa5
c5 28. Qa6 Ra7 29. Qd3 Rxa4 30. Nf3 h6 31. Qc3 Raa8 32. Qe5 Qd8 33. Qf4 Kh7 34.
Ne5 Be8 35. g4 fxg4 36. Nxg4 g5 37. Qf6 1-0

[Event "Chigorin Memorial"]
[Site "St Petersburg RUS"]
[Date "2012.11.03"]
[Round "8.9"]
[White "Jumabayev, R."]
[Black "Bartel, Mat"]
[Result "1/2-1/2"]
[WhiteElo "2545"]
[BlackElo "2635"]
[PlyCount "120"]
[EventDate "2012.10.27"]
[SourceDate "1999.07.01"]

1. d4 f5 2. g3 Nf6 3. Bg2 g6 4. c4 Bg7 5. Nc3 O-O 6. Nh3 Nc6 7. O-O d6 8. d5
Ne5 9. Qb3 Nfd7 10. Be3 Nb6 11. c5 Nbc4 12. Bf4 h6 13. cxd6 exd6 14. Bc1 Nb6
15. Nf4 Qe7 16. a4 Kh7 17. a5 Nbd7 18. Ne6 Re8 19. Qc2 Nf8 20. Nxg7 Qxg7 21.
Nb5 Re7 22. Bd2 Bd7 23. Nd4 Rc8 24. Rad1 c5 25. dxc6 bxc6 26. Nf3 Nxf3+ 27.
Bxf3 d5 28. Bb4 Ree8 29. Bc3 Qe7 30. e3 Ne6 31. h4 Rf8 32. Bg2 Be8 33. b3 g5
34. hxg5 Nxg5 35. Ba1 Bh5 36. Rd4 Nf3+ 37. Bxf3 Bxf3 38. Rf4 Be4 39. Qe2 Rg8
40. Kh2 Qg5 41. Rh4 Rce8 42. Rg1 Rb8 43. Be5 Rxb3 44. Bf4 Qf6 45. Rxh6+ Qxh6+
46. Bxh6 Kxh6 47. g4 f4 48. Rc1 Rh8 49. f3 Kg5+ 50. Kg1 Bxf3 51. exf4+ Kxg4 52.
Qe6+ Kg3 53. Qg6+ Bg4 54. f5 Kh3 55. Rxc6 d4 56. Qg7 Rg3+ 57. Kf2 Rg2+ 58. Ke1
Rg1+ 59. Kf2 Rg2+ 60. Ke1 Rg1+ 1/2-1/2

[Event "TCh-ESP CECLUB 2a Gp1 2012"]
[Site "Padron ESP"]
[Date "2012.08.10"]
[Round "4.1"]
[White "Cramling, P."]
[Black "Miton, K."]
[Result "1/2-1/2"]
[WhiteElo "2503"]
[BlackElo "2616"]
[PlyCount "87"]
[EventDate "2012.08.08"]
[SourceDate "1999.07.01"]
[WhiteTeam "CONTENEO BILBAO H."]
[BlackTeam "C. CIRCULO DE LAS ARTES"]

1. d4 f5 2. g3 Nf6 3. Bg2 g6 4. Nf3 Bg7 5. O-O O-O 6. b3 Ne4 7. Bb2 Nc6 8. Ne1
d5 9. e3 e5 10. f3 Ng5 11. dxe5 Nxe5 12. Bc3 Ngf7 13. f4 Ng4 14. Bxg7 Kxg7 15.
Qd4+ Qf6 16. Nc3 c6 17. h3 Ngh6 18. Nd3 Nd6 19. Ne5 Be6 20. Na4 Ndf7 21. Nxf7
Nxf7 22. Nc5 Bc8 23. c4 dxc4 24. bxc4 Rd8 25. Qxf6+ Kxf6 26. e4 fxe4 27. Nxe4+
Kg7 28. Rfe1 Be6 29. Rac1 Rd4 30. Nc5 Bxc4 31. Nxb7 Bxa2 32. Rxc6 a5 33. Nc5
Rad8 34. Ra6 Rd1 35. Rxd1 Rxd1+ 36. Kh2 Rd2 37. Ne4 Rb2 38. Rxa5 Bc4 39. Kg1
Rb1+ 40. Kh2 Rb2 41. Kg1 Rb1+ 42. Kh2 Rb2 43. Kg1 Bf1 44. Ra1 1/2-1/2

[Event "16th HZ Open"]
[Site "Vlissingen NED"]
[Date "2012.08.10"]
[Round "8"]
[White "Esen, B."]
[Black "Reinderman, D."]
[Result "1/2-1/2"]
[WhiteElo "2587"]
[BlackElo "2583"]
[PlyCount "27"]
[EventDate "2012.08.04"]
[SourceDate "1999.07.01"]

1. d4 f5 2. g3 Nf6 3. Bg2 g6 4. Nf3 Bg7 5. O-O O-O 6. c4 d6 7. Nc3 Qe8 8. d5 a5
9. Nd4 Na6 10. b3 Bd7 11. Bb2 c6 12. Qc2 Nc5 13. Rad1 Rc8 14. e3 1/2-1/2